| 000 | 00390nam a2200169Ia 4500 | ||
|---|---|---|---|
| 008 | 180424s9999 xx 000 0 und d | ||
| 084 | _aT20 B5 | ||
| 100 | _a"Backiamary, " | ||
| 245 | 0 | _aThamizh Ilakkiya Varalaru | |
| 250 | _a\\201000ENGGPSX | ||
| 260 | _aNCBH | ||
| 260 | _b2010 | ||
| 260 | _cCHENNAI | ||
| 300 | _a531p. | ||
| 500 | _aincludes index and biblioraphy | ||
| 942 | _cBK | ||
| 999 |
_c91284 _d91284 |
||